| 000 | 00599nam a2200169Ia 4500 | ||
|---|---|---|---|
| 008 | 140529s9999 xx 000 0 und d | ||
| 020 | _a9789710725625 | ||
| 050 |
_aQP 36 _b.J62 2009 |
||
| 100 | _aJoaquin, Crescencia C. | ||
| 245 |
_aGeneral zoology and human biology : _b101 exercises to choose from / _cCresencia C. Joaquin, Salvacion P. Angtuaco, Irma I. Buyson |
||
| 260 |
_aQuezon City, Philippines : _bVibal Publishing House, Inc., _cc2009. |
||
| 300 |
_a264 p. : _bill. ; _c27 cm. |
||
| 500 | _aIncludes bibliographical references. | ||
| 521 | _aGE | ||
| 942 |
_kLOC _cBK |
||
| 999 |
_c117779 _d117779 |
||